After The first urban Christians : (Record no. 30707)
[ view plain ]
| 000 -LEADER | |
|---|---|
| fixed length control field | 00713nam a2200205Ia 4500 |
| 008 - FIXED-LENGTH DATA ELEMENTS--GENERAL INFORMATION | |
| fixed length control field | 201124s9999||||xx |||||||||||||| ||und|| |
| 020 ## - INTERNATIONAL STANDARD BOOK NUMBER | |
| International Standard Book Number | 0567219674 |
| 020 ## - INTERNATIONAL STANDARD BOOK NUMBER | |
| International Standard Book Number | 9780567219671 |
| 041 ## - LANGUAGE CODE | |
| Language code of text/sound track or separate title | eng |
| 050 ## - LIBRARY OF CONGRESS CALL NUMBER | |
| Classification number | BR166.M443 |
| Item number | .A38 2009 |
| 245 #0 - TITLE STATEMENT | |
| Title | After The first urban Christians : |
| Remainder of title | the social-scientific study of Pauline Christianity twenty-five years later |
| Statement of responsibility, etc. | Todd D. Still; David G. Horrell |
| 260 ## - PUBLICATION, DISTRIBUTION, ETC. | |
| Place of publication, distribution, etc. | London : |
| Name of publisher, distributor, etc. | Continuum, |
| Date of publication, distribution, etc. | 2009 |
| 300 ## - PHYSICAL DESCRIPTION | |
| Extent | xii, 175 p. : |
| Other physical details | ill. ; |
| Dimensions | 23 cm. |
| 650 ## - SUBJECT ADDED ENTRY--TOPICAL TERM | |
| Topical term or geographic name entry element | Bible. Epistles of Paul -- Theology. |
| 650 ## - SUBJECT ADDED ENTRY--TOPICAL TERM | |
| Topical term or geographic name entry element | Meeks, Wayne A.First urban Christians. |
| 650 ## - SUBJECT ADDED ENTRY--TOPICAL TERM | |
| Topical term or geographic name entry element | Paul, the Apostle, Saint. |
| 700 ## - ADDED ENTRY--PERSONAL NAME | |
| Personal name | Horrell, David G. |
| 700 ## - ADDED ENTRY--PERSONAL NAME | |
| Personal name | Still, Todd D. |
| Withdrawn status | Lost status | Damaged status | Not for loan | Home library | Current library | Shelving location | Date acquired | Total Checkouts | Full call number | Barcode | Date last seen | Price effective from | Koha item type |
|---|---|---|---|---|---|---|---|---|---|---|---|---|---|
| GETS Theological Seminary Library | GETS Theological Seminary Library | General Stacks | 11/24/2020 | BR166.M443 .A38 2009 | 00018230 | 11/24/2020 | 11/24/2020 | English Books |